000 00720nam a2200253Ia 4500
003 OSt
005 20220926025131.0
006 a|||||r|||| 00| 0
007 ta
008 220923b |||||||| |||| 00| 0 eng d
020 _a019515536X
037 _cGeneral Book
040 _aRTL
_cRTL
_beng
041 _2eng
_aeng
082 _aX61, P3
100 _aSalvatore Dominick et al... Ed.
_9331950
245 0 _aDollarization debate
260 _aOxford
_bOxford University Press
_c2003
300 _axiii,476p
_ccm.
500 _aBibliography chapterwise
650 _aMonetary Economics
_9231636
942 _hX61, P3
_cGB
_2CC
999 _c646396
_d646396